Normal view
MARC view
- الجدوى الاقتصادية
Entry Topical Term
001 - CONTROL NUMBER
- control field: 29413
003 - CONTROL NUMBER IDENTIFIER
- control field: JO-AjAnu
005 - DATE AND TIME OF LATEST TRANSACTION
- control field: 20230606074955.0
008 - FIXED-LENGTH DATA ELEMENTS
- fixed length control field: 230606|| aca||aabn | a|a d
040 ## - CATALOGING SOURCE
- Original cataloging agency: JO-AjAnu
- Transcribing agency: JO-AjAnu
150 ## - HEADING--TOPICAL TERM
- Topical term or geographic name entry element: الجدوى الاقتصادية
670 ## - SOURCE DATA FOUND
- Source citation: Work cat.: (JO-AjAnu)15102: امين،بهاء الدين, author 29412, دراسات الجدوى الاقتصادية: دليل المستثمرين واصحاب رؤوس الاموال والاكاديميين والاستشاريين والطلاب